Welcome to CU Library Online Public Access Catalogue (OPAC)

the dynamics of employee relation (Record no. 6878)

MARC details
000 -LEADER
fixed length control field 00425cam a22001453 4500
001 - CONTROL NUMBER
control field FRBNF411204050000004
003 - CONTROL NUMBER IDENTIFIER
control field http://catalogue.bnf.fr/ark:/12148/cb411204051
005 - DATE AND TIME OF LATEST TRANSACTION
control field 20250709121620.0
008 - FIXED-LENGTH DATA ELEMENTS--GENERAL INFORMATION
fixed length control field cu123
100 ## - MAIN ENTRY--PERSONAL NAME
Personal name 20071001d2004 m y0frey50 ba
245 ## - TITLE STATEMENT
Title the dynamics of employee relation
300 ## - PHYSICAL DESCRIPTION
Extent Bibliogr. p. 377-412
700 ## - ADDED ENTRY--PERSONAL NAME
Materials specified 13481942
Arranged statement for music ISNI0000000114750919
Personal name Blyton
Numeration Paul
Relationship 070
942 ## - ADDED ENTRY ELEMENTS (KOHA)
Source of classification or shelving scheme Library of Congress Classification
Koha item type Books
Suppress in OPAC No
999 ## -
-- 6878
-- 6878

No items available.

© 2023-2024 Copyright: Central University Libraries. All Rights Reserved | Created by: Mahone Tech Office